| 000 | 00855nam a2200253 i 4500 | ||
|---|---|---|---|
| 001 | 79726 | ||
| 003 | ES-MaACL | ||
| 005 | 20250815170401.0 | ||
| 007 | t| | ||
| 008 | 041022s1963 sp ||||1| spa d | ||
| 080 | _a296 | ||
| 100 | 1 |
_aHertzberg, Arthur. _963407 |
|
| 245 | 1 | 0 |
_aJudaísmo / _cpor Arthur Hertzberg ; [traducción de Manuel de la Escalera]. |
| 260 |
_aBarcelona : _bPlaza & Janés, _c[1963] |
||
| 300 |
_a228 p., 6 lám. ; _c24 cm. |
||
| 490 | 1 | _aLas grandes religiones del hombre moderno | |
| 490 | 1 | _aBiblioteca de ampliación cultural | |
| 650 | 7 |
_aJudaísmo _2embne _913966 |
|
| 700 | 0 |
_aEscalera, Manuel de la, _d1895-1994 _947481 |
|
| 830 | 1 | 4 |
_aLas grandes religiones del hombre moderno _9231454 |
| 830 | 1 |
_aBiblioteca de ampliación cultural _9186925 |
|
| 852 |
_aES-MaACL _jC-24022 |
||
| 999 |
_c79726 _d79726 |
||